| 000 | 00401nam a2200109Ia 4500 | ||
|---|---|---|---|
| 008 | 171211s9999 xx 000 0 und d | ||
| 245 | _aBringing Montessori to America: S. S. McClure, Maria Montessori, and the Campaign to Publicize Montessori Education | ||
| 245 | _cGerald L. Gutek and Patricia A. Gutek | ||
| 260 | _c2016 | ||
| 650 | _xHistory | ||
| 856 | _uhttp://down.ebook777.com/063/0817318976.pdf | ||
| 999 |
_c348812 _d348812 |
||